<?xml version="1.0" encoding="UTF-8"?>
<record
    xmlns:xsi="http://www.w3.org/2001/XMLSchema-instance"
    xsi:schemaLocation="http://www.loc.gov/MARC21/slim http://www.loc.gov/standards/marcxml/schema/MARC21slim.xsd"
    xmlns="http://www.loc.gov/MARC21/slim">

  <leader>00717nam a2200181 i 4500</leader>
  <controlfield tag="001">sa 67006287 </controlfield>
  <controlfield tag="003">DLC</controlfield>
  <controlfield tag="005">20260227112405.0</controlfield>
  <controlfield tag="008">841105s1966    ii            00010 hino </controlfield>
  <datafield tag="010" ind1=" " ind2=" ">
    <subfield code="a">sa 67006287 //r84</subfield>
  </datafield>
  <datafield tag="050" ind1="0" ind2=" ">
    <subfield code="a">PK2098.K23</subfield>
    <subfield code="b">K3</subfield>
  </datafield>
  <datafield tag="100" ind1="1" ind2="0">
    <subfield code="a">Kalpita, Kail&#x101;&#x15B;a,</subfield>
    <subfield code="d">1925-</subfield>
  </datafield>
  <datafield tag="245" ind1="1" ind2="0">
    <subfield code="a">K&#x101;l&#x101; s&#x101;haba, gor&#x12B; mema ; vividha parive&#x15B;a k&#x12B; b&#x101;raha kah&#x101;niy&#x101;m&#x310; /</subfield>
    <subfield code="c">Kail&#x101;&#x15B;a Kalpita.</subfield>
  </datafield>
  <datafield tag="260" ind1="0" ind2=" ">
    <subfield code="a">Il&#x101;h&#x101;b&#x101;da :</subfield>
    <subfield code="b">Pray&#x101;ga Prak&#x101;&#x15B;ana,</subfield>
    <subfield code="c">[1966?]</subfield>
  </datafield>
  <datafield tag="300" ind1=" " ind2=" ">
    <subfield code="a">125 p. ;</subfield>
    <subfield code="c">18 cm.</subfield>
  </datafield>
  <datafield tag="500" ind1=" " ind2=" ">
    <subfield code="a">"Prastuta sa&#x1E45;graha ... p&#x16B;rva prac&#x101;rita pustaka '&#x100;&#x1E6D;ha nagara k&#x12B; &#x101;&#x1E6D;ha kath&#x101;em&#x310;' k&#x101; privartita r&#x16B;pa hai jisame&#x1E43; kucha aura kah&#x101;niy&#x101;m&#x310; bh&#x12B; jo&#x1E5B;a d&#x12B; gay&#x12B; hai&#x1E43;."</subfield>
  </datafield>
  <datafield tag="500" ind1=" " ind2=" ">
    <subfield code="a">In Hindi.</subfield>
  </datafield>
  <datafield tag="999" ind1=" " ind2=" ">
    <subfield code="c">75830</subfield>
    <subfield code="d">75830</subfield>
  </datafield>
</record>
